书目信息 |
| 题名: |
空袭伊拉克
|
|
| 作者: | 鲍德温 , Baldwin 著 ;王振西 译 | |
| 分册: | ||
| 出版信息: | 北京 昆仑出版社 1998 |
|
| 页数: | 291页 | |
| 开本: | 20cm | |
| 丛书名: | ||
| 单 册: | ||
| 中图分类: | D815.4 | |
| 科图分类: | ||
| 主题词: | 海湾战争(1991)--史料 | |
| 电子资源: | ||
| ISBN: | 7-80040-297-5 | |
| 000 | 00862nam0 2200265 45 | |
| 001 | 0198019432 | |
| 005 | 20040429093243.5 | |
| 010 | @a7-80040-297-5@dCNY14.50 | |
| 100 | @a19980402d1998 emky0chiy0121 ea | |
| 101 | 1 | @achi@ceng |
| 102 | @aCN@b110000 | |
| 105 | @af z 000yy | |
| 106 | @ar | |
| 200 | 10 | @a空袭伊拉克@Akong xi yi la ke@e美国航母飞行员自述@f(美)谢尔曼·鲍德温(Sherman Baldwin)著@g王振西等译 |
| 210 | @a北京@c昆仑出版社@d1998 | |
| 215 | @a291页@c照片@d20cm | |
| 510 | 1 | @aIronclaw@eA Navy carrier pilot's war experience@zeng |
| 517 | 1 | @a美国航母飞行员自述@Amei guo hang mu fei xing yuan zi shu |
| 606 | @a海湾战争(1991)@x史料 | |
| 690 | @aD815.4@v3 | |
| 701 | 1 | @a鲍德温@Abao de wen@bS.@4著 |
| 701 | A1 | @aBaldwin@bSherman@4著 |
| 702 | 0 | @a王振西@Awang zhen xi@4译 |
| 801 | 0 | @aCN@bNLC@c19980422 |
| 905 | @f2@b283874-875@dD815.4@e31 | |
| 空袭伊拉克:美国航母飞行员自述/(美)谢尔曼·鲍德温(Sherman Baldwin)著/王振西等译.-北京:昆仑出版社,1998 |
| 291页:照片;20cm |
| ISBN 7-80040-297-5:CNY14.50 |
| ● |
| 相关链接 |
|
|
|
|
正题名:空袭伊拉克
索取号:D815.4/31
 
预约/预借
| 序号 | 登录号 | 条形码 | 馆藏地/架位号 | 状态 | 备注 |
| 1 | 0283874 | 002838745 | 第一借阅区/ [索取号:D815.4/31] | 在馆 | |
| 2 | 0283875 | 002838754 | 第一借阅区/ [索取号:D815.4/31] | 在馆 | |
| 3 | 0283876 | 002838763 | 第一样本阅览室/ [索取号:D815.4/31] | 在馆 |